Text book of hydraulics, fluid mechanics, and hydraulic machines / (Record no. 7559)
[ view plain ]
| 000 -LEADER | |
|---|---|
| fixed length control field | 00757cam a2200313ua 4500 |
| 041 ## - LANGUAGE CODE | |
| Language code of text/sound track or separate title | eng |
| 082 ## - DEWEY DECIMAL CLASSIFICATION NUMBER | |
| Classification number | 532 |
| Item number | KHU/TE |
| 100 ## - MAIN ENTRY--AUTHOR NAME | |
| Personal name | Khurmi, R S. |
| 245 ## - TITLE STATEMENT | |
| Title | Text book of hydraulics, fluid mechanics, and hydraulic machines / |
| 250 ## - EDITION STATEMENT | |
| Edition statement | 18 / |
| 260 ## - PUBLICATION, DISTRIBUTION, ETC. (IMPRINT) | |
| Place of publication | New Delhi : |
| Name of publisher | S.Chand and Co , |
| Year of publication | 1990. |
| 300 ## - PHYSICAL DESCRIPTION | |
| Number of Pages | 982 ; . |
| 500 ## - GENERAL NOTE | |
| General note | *CSS |
| 942 ## - ADDED ENTRY ELEMENTS (KOHA) | |
| Koha item type | Books |
| Withdrawn status | Lost status | Damaged status | Home library | Current library | Date acquired | Full call number | Accession Number | Koha item type | Shelving location |
|---|---|---|---|---|---|---|---|---|---|
| KAUAET | KAUAET | 07/04/2012 | 532 KHU/TE | 18153 | Books | ||||
| KAUAET | KAUAET | 07/04/2012 | 532 KHU/TE | 18152 | Book Bank scheme for SC students | Scheme | |||
| KAUAET | KAUAET | 07/04/2012 | 532 KHU/TE | 16727 | Books | General Stacks | |||
| KAUAET | KAUAET | 07/04/2012 | 532 KHU/TE | 18155 | Book Bank scheme for SC students | Scheme | |||
| KAUAET | KAUAET | 07/04/2012 | 532 KHU/TE | 22071 | Books | ||||
| KAUAET | KAUAET | 07/04/2012 | 532 KHU/TE | 22072 | Books | ||||
| KAUAET | KAUAET | 07/04/2012 | 532 KHU/TE | 22073 | Books | ||||
| KAUAET | KAUAET | 07/04/2012 | 532 KHU/TE | 22070 | Books | ||||
| KAUAET | KAUAET | 07/04/2012 | 532 KHU/TE | 22074 | Books | ||||
| KAUAET | KAUAET | 26/07/2018 | 532 KHU/TE | 18151 | Book Bank scheme for SC students | Scheme |
